000
00308nam a22001457a 4500
008
210305b ||||| |||| 00| 0 eng d
020
_a
0321021711
041
_a
eng
080
_2
7th
_a
541
082
_2
7
_a
541
100
_a
12
101
_a
KIM
245
_a
Chemistry
_c
Timberlake,C.K
942
_2
udc
_c
BK
999
_c
55829
_d
55829